Most visited cities by South Korean - Statistics

General Stats
  • This quiz has been taken 254 times
  • The average score is 7 of 10
Answer Stats
# Answer % Correct
2 Tokyo
97%
6 Shanghai
81%
4 Bangkok
79%
1 Osaka
79%
5 Hong Kong
76%
3 Taipei
74%
8 Singapore
72%
10 Manila
69%
7 Fukuoka
27%
9 Guam
11%
No matching quizzes found
Score Distribution
Percent of People with Each Score
Percentile by Number Answered
Your Score History
You have not taken this quiz